ALL SB winners (up until season 48) - Statistics

General Stats
  • This quiz has been taken 9 times
  • The average score is 1 of 48
Answer Stats
Hint User Answer % Correct
season 33 dogoidkiller https://discord.gg/%D0%9222wSX%D1%98CQN
100%
season 15 densea blo ky bfdi
20%
season 31 densea Walkin' Full Mix .mp3
20%
season 21 pipogoris 12
0%
season 47 sandiwichi blunt gotender
0%
season 4 gobson carpeted bathroom
0%
season 1 gobson carpeted kitchen
0%
season 34 ttuno chad kroeger
0%
season 7 gobson cocky the cock tween
0%
season 23 densea cool fish
0%
season 46 scuttletree david memorial photo
0%
season 28 burge dr trayaurus
0%
season 3 ttuno eminem again but with a slight blue tint
0%
season 5 ttuno erminem
0%
season 10 gobson George Orwell's Nineteen-Eighty four
0%
season 41 stoopie glep
0%
season 2 breadd hexagon
0%
season 16 breadd hexagon but they're bad at challenges
0%
season 13 pipogoris holly
0%
season 14 breadd lenis algebralien
0%
season 20 omnithesilly -less
0%
season 35 boiledsalmon MK
0%
season 8 breadd mr 8
0%
season 42 breadd mr 8
0%
season 12 breadd patrick star license
0%
season 18 pipogoris peacock emoji
0%
season 30 breadd pink evil guy
0%
season 43 thesilliestbilly rainbow ball trio
0%
season 27 ronin roasty except he misread the elimination message
0%
season 9 gobson sasuage owen
0%
season 17 gobson season 17
0%
season 32 pipogoris season 32
0%
season 36 bigpap SNared rum
0%
season 24 sandiwichi space jam dvd
0%
season 48 alex spongyboy
0%
season 26 breadd stewie and brian
0%
season 19 gobson the all five-foot-one black albino choir
0%
season 11 noel the creature
0%
season 22 breadd the four peters
0%
season 44 stoopie The WORST super mario bros player of ALL TIME
0%
season 29 ttuno the yakuza 4
0%
season 37 ofo this wonderful mushroom
0%
season 38 ofo this wonderful mushroom
0%
season 39 ofo this wonderful mushroom
0%
season 45 ofo this wonderful mushroom
0%
season 6 wiggly diggly tiny piece of bent stair
0%
season 25 ronin undertale energy drink
0%
season 40 ttuno yujiro hanma
0%
No matching quizzes found
Score Distribution
Percent of People with Each Score
Percentile by Number Answered
Your Score History
You have not taken this quiz